| 000 | 00350nam a2200133Ia 4500 | ||
|---|---|---|---|
| 008 | 240624s9999 xx 000 0 und d | ||
| 041 | _aeng | ||
| 082 | _a332.6 MOB | ||
| 100 | _aMOBIUS MARK | ||
| 245 | _aINVEST FOR GOOD A HEALTHIER WORLD AND A | ||
| 260 |
_c2019 _aLondon _bBLOOMSBURY PUBLISHING |
||
| 300 | _axv, 222 p.; 23 cm. | ||
| 365 |
_cRS _b25 |
||
| 999 |
_c32023 _d32023 |
||